Представление документа в формате MARC21

Поле Инд. ПП Название Значение
Тип записи a
Библиографический уровень a
001 Контрольный номер RU/IS/BASE/431613159
005 Дата корректировки 20180409143311.0
020 a ISBN 978-5-7609-0560-4
040 a Служба первич. каталог. НБ ТвГУ
b Код языка каталог. rus
e Правила каталог. PSBO
041 0_ a Код языка текста rus
100 1_ a Автор Булярский Сергей Викторович
q Полное имя Булярский С. В.
245 10 a Заглавие Исследование поверхностного натяжения кластеров катализаторов на подложке Fe-SiO2
260 a Место издания Тверь
b Издательство Тверской государственный университет
c Дата издания 2012
504 a Библиография Библиогр.: с. 29
520 0_ a Аннотация Важнейшая задача изучения процессов роста нанотрубок - это вычисление велечины параметров образования кластеров катализаторов. В работе исследуется температурная зависимость коэффициентов поверхностного натяжения на границах наноразмерных кластеров с газовой средой и подложкой, а также влияние этих параметров на распределение кластеров по размеру.
653 0_ a Ключевые слова Поверхностные явления
653 1_ a Ключевые слова Углеродные нанотрубки
653 1_ a Ключевые слова Кластеры катализаторов
653 1_ a Ключевые слова Поверхностное натяжение
653 1_ a Ключевые слова Нанокластерные катализаторы
653 1_ a Ключевые слова Температурная зависимость
700 1_ a Другие авторы Цыганцов, Андрей Валерьевич
q Полное имя Цыганцов, А. В.
773 08 w Контрольный № источника RU/IS/BASE/416998883
t Название источника Физико-химические аспекты изучения кластеров, наноструктур и наноматериалов
d Место и дата издания Тверь : Тверской государственный университет, 2012
g Прочая информация Вып. 4. - С. 26-29
856 40 u URL http://texts.lib.tversu.ru/texts/11536t.pdf
x Примечание для ЭОР Справка УИС 2016
i Дата подключения ЭОР 20170412
x Примечание для ЭОР Реестр суммарного учета сетевых локальных документов
900 a Имя макрообъекта 11536t
901 t Тип документа a
920 a Оператор Корж